Phân tích đa hình gen DRD2 và VIPR1 liên quan đến năng suất sinh sản của gà nòi : Luận văn Tốt nghiệp Cao học. Chuyên ngành Công nghệ sinh học

Đề tài đánh giá năng suất sinh sản của gà nòi từ 28 - 47 tuần tuổi và phân tích mối liên kết giữa các đa hình của gen DRD2 và VIPR1 đến chỉ tiêu năng suất sinh sản của gà nòi. Từ đó đề ra phương pháp chọn giống gà nòi cho năng suất sinh sản...

Celý popis

Uloženo v:
Podrobná bibliografie
Hlavní autor: Trần, Thị Nhớ
Médium: Kniha
Jazyk:Undetermined
Vydáno: Cần Thơ Trường Đại học Cần Thơ 2014
Témata:
Tagy: Přidat tag
Žádné tagy, Buďte první, kdo otaguje tento záznam!
Thư viện lưu trữ: Trung tâm Học liệu Trường Đại học Cần Thơ
LEADER 01224nam a2200229Ia 4500
001 CTU_197758
008 210402s9999 xx 000 0 und d
082 |a 636.5082 
082 |b Nh460 
088 |a 60420201 
100 |a Trần, Thị Nhớ 
245 0 |a Phân tích đa hình gen DRD2 và VIPR1 liên quan đến năng suất sinh sản của gà nòi : 
245 0 |b Luận văn Tốt nghiệp Cao học. Chuyên ngành Công nghệ sinh học 
245 0 |c Trần Thị Nhớ ; Nguyễn Trọng Ngữ (Người hướng dẫn khoa học) 
260 |a Cần Thơ 
260 |b Trường Đại học Cần Thơ 
260 |c 2014 
520 |a Đề tài đánh giá năng suất sinh sản của gà nòi từ 28 - 47 tuần tuổi và phân tích mối liên kết giữa các đa hình của gen DRD2 và VIPR1 đến chỉ tiêu năng suất sinh sản của gà nòi. Từ đó đề ra phương pháp chọn giống gà nòi cho năng suất sinh sản cao. 
650 |a Chicken,Gà 
650 |x Breeding,Giống 
910 |a Hải 
980 |a Trung tâm Học liệu Trường Đại học Cần Thơ